Professor Marston and the wonder woman /

Đã lưu trong:
Chi tiết về thư mục
Tác giả chính: Howe, Tom (Nhà soạn nhạc)
Tác giả khác: Heathcote, Bella (Diễn viên), Leonard, Terry (Nhà sản xuất), Redford, Amy (Nhà sản xuất), Hall, Rebecca, (1982- ) (Diễn viên), Robinson, Angela (Giám đốc, Người viết kịch bản), Fortner, Bryce (Nhiếp ảnh gia), Britton, Connie (Diễn viên), Feild, JJ (Diễn viên), Evans, Luke (Diễn viên), Platt, Oliver (Diễn viên)
Định dạng: Slide
Ngôn ngữ:Tiếng Italy
Nhiều Ngôn ngữ
Được phát hành: [Milano] : Sony pictures home entertainment, ©2018
Các nhãn: Thêm thẻ
Không có thẻ, Là người đầu tiên thẻ bản ghi này!

MARC

LEADER 00000ngm a22000007i 4500
001 IT\ICCU\PCM\0004089
003 ItRI
005 20260124182808.0
008 181023s2018 it |||||||||||||||k|||||c
024 3 1 |a 5053083160111 
028 4 2 |a DV8316011  |b Stage 6 Films 
040 |b ita 
041 7 |a ita  |a mul  |2 ISO-639-2 
130 0 |a Professor Marston and the wonder woman <film ; 2017>  |3 IT\ICCU\PCM\0004090 
245 0 0 |a Professor Marston and the wonder woman /  |c writtend and directed by Angela Robinson ; director of photography Bryce Fortner ; music by Tom Howe ; produced by Terry Leonard, Amy Redford ; [cast] Luke Evans, Rebecca Hall, bvella Heathcote ... [et al.]. 
260 |a [Milano] :  |b Sony pictures home entertainment,  |c ©2018 
300 |a 1 DVD-video (circa 104 min) :  |b a colori, PAL ;  |c 12 cm  
500 |a Titolo del contenitore 
500 |a Luogo di pubblicazione ricavato da fonte esterna; ©2017 PMWW 
500 |a Caratteristiche tecniche: regione 2, 4, 5; 2.39:1 panoramico, 16:9 anamorfico; PAL; Dolby digital 5.1; color 
500 |a Produzione cinematografica USA 2017 
500 |a Lingue: italiano, inglese, spagnolo, tedesco; sottotitoli: italiano, inglese, lettone, lituano, spagnolo, tedesco, turco 
500 |a Interpreti: Luke Evans, Rebecca Hall, Bella Heathcote, Connie Britton 
500 |a Contenuti extra 
700 1 |a Heathcote, Bella  |0 IT\ICCU\DDSV\328024  |4 act 
700 1 |a Leonard, Terry  |0 IT\ICCU\DDSV\389763  |4 pro 
700 1 |a Redford, Amy  |0 IT\ICCU\DDSV\389764  |4 pro 
700 1 |a Hall, Rebecca,  |d  (1982- )  |0 IT\ICCU\LO1V\354813  |4 act 
700 1 |a Robinson, Angela  |0 IT\ICCU\MODV\344912  |4 drt 
700 1 |a Robinson, Angela  |0 IT\ICCU\MODV\344912  |4 sce 
700 1 |a Fortner, Bryce  |0 IT\ICCU\PCMV\000891  |4 pht 
700 1 |a Britton, Connie  |0 IT\ICCU\RAVV\583876  |4 act 
700 1 |a Feild, JJ  |0 IT\ICCU\RAVV\677856  |4 act 
700 1 |a Evans, Luke  |0 IT\ICCU\TO0V\639051  |4 act 
700 1 |a Howe, Tom  |0 IT\ICCU\UBOV\366137  |4 cmp 
700 1 |a Platt, Oliver  |0 IT\ICCU\UBOV\487418  |4 act 
710 2 |a Sony Pictures Home Entertainment  |0 IT\ICCU\RCAV\218460  |4 pbl 
791 2 |a Sony Pictures  |3 IT\ICCU\DDSV\200037  |y Sony Pictures Home Entertainment 
942 |2 ddc  |c VM  |n 0 
952 |0 0  |1 0  |4 0  |6 VO_2369_000000000000000  |7 0  |9 26395  |a BO  |b BO  |d 2026-01-24  |i 19166  |l 0  |o VO 2369  |p BO19166  |r 2026-01-24 18:28:08  |w 2026-01-24  |x [Sebina 5] [1 dvd]  |y VM  |z 1 dvd 
999 |c 22309  |d 22309